004110000a220010900045001000019000002450083000193000037001027730047001399420008001869520090001949990017002841 aDirksen, P. B.10aWhy was David disqualifed as temple builder?. The meaning of 1 Chronicles 22.8 aNúm 70 (1996), Páginas 51-560 tJournal for the Study of the Old Testament cANA 001040708HEMaFUSBCbFUSBCd2016-01-26l0o r2016-01-26 00:00:00w2016-01-26yANA c54622d54622